Astronomia - prawda czy fałsz? - Statystyki

Ogólne statystyki
  • Ten quiz został rozwiązany 3 207 razy
  • Średni wynik to 13 z 18
Statystyki odpowiedzi
Zagadnienie Odpowiedź % Poprawnych
Światło potrzebuje ponad roku, aby dotrzeć z Ziemi do Słońca. Fałsz
89%
Księżyc Ziemi to największy księżyc w Układzie Słonecznym. Fałsz
89%
Bezzałogowy statek kosmiczny wylądował na Marsie. Prawda
89%
Saturn to największa planeta w Układzie Słonecznym. Fałsz
86%
Ludzie nigdy nie potwierdzili istnienia planet poza Układem Słonecznym. Fałsz
86%
Naukowcy datują wiek wszechświata na około 13,8 miliarda lat. Prawda
86%
Andromeda to duży gwiazdozbiór leżący najbliżej Drogi Mlecznej Prawda
81%
Powszechnie uważa się, że supermasywna czarna dziura leży w centrum Drogi Mlecznej. Prawda
77%
Ta sama strona księżyca zawsze jest zwrócona w stronę Ziemi. Prawda
72%
Saturn jest bliżej Słońca niż Neptuna. Prawda
71%
Jedna jednostka astronomiczna to tyle samo, co średnica Układu Słonecznego. Fałsz
70%
Zwiększa się odległość między Drogą Mleczną, a prawie każdą inną galaktyką. Prawda
70%
Neptun posiada pierścienie. Prawda
58%
Na Merkurym odnotowano najwyższą temperaturę powierzchni ze wszystkich planet. Fałsz
57%
Wokół Plutona nie krążą księżyce. Fałsz
50%
Słońce jest jedną z najmniejszych gwiazd w galaktyce. Fałsz
48%
Ze wszystkich planet Układu Słonecznego Mars jest najbliższy wielkościowo do Ziemi. Fałsz
43%
Dwa statki kosmiczne opuszczają Ziemię w przeciwnych kierunkach, z których każdy podróżuje z prędkością 0,9 prędkości światła. Te dwa statki kosmiczne nigdy nie będą w stanie się ze sobą komunikować. Fałsz
43%
Nie znaleziono quizów pasujących do podanych kryteriów
Rozkład punktacji
Procent ludzi z każdym wynikiem
Percentyl według liczby udzielonych odpowiedzi
Twoja historia wyników
Nie rozwiązałeś tego quizu